00770nam a2200181 a 450000100100000000500170001000800410002704000250006808200150009310000280010824500500013626000310018630000200021750400730023759000750031095201860038599900170057100003492320200930074005.0111021s1960 fr 000 0 spa d aDO-SdBNPbfrecBNPHU axxxxbxxxx1 aCogniot, Georges96049213aLa religion et la science /cGeorges Cogniot. aParis, :bSociales,c1960. a62 p. ;c19 cm. aIncluye referencias bibliográficas y notas al pie de las páginas aPerteneció a la biblioteca personal de Juan Isidro Jimenes Grullón 001050718MOaGRbGRcHDd2011-10-21iLF1l0oxxxx xxxxp34923-10r2020-06-25w2020-06-25y1zPerteneció a la biblioteca personal de Juan Isidro Jimenes Grullón.ZNo se presta c34414d34414